[Event "Week's Tournament Elo 1799- (WT1)"]
[Site "Biel, CH"]
[Date "2025.07.23"]
[Round "3"]
[White "Sadeh, David"]
[Black "Zhang, Zichen"]
[Result "1-0"]
[Board "26"]
[WhiteFideId "1354973"]
[BlackFideId "1359584"]
[WhiteElo "1520"]
[BlackElo "1587"]
[WhiteTeam "SUI"]
[BlackTeam "SUI"]
[WhiteClock "0:12:19"]
[BlackClock "0:25:55"]
[Variant "Standard"]

1. e4 {[%clk 1:00:59]}  e6 {[%clk 1:00:57]} 2. d4 {[%clk 1:01:14]}  d5 {[%clk 1:01:24]} 3. e5 {[%clk 1:01:23]}  c5 {[%clk 1:01:51]} 4. Nf3 {[%clk 1:00:18]}  Nc6 {[%clk 1:02:18]} 5. c3 {[%clk 0:57:42]}  Qb6 {[%clk 1:01:19]} 6. Be2 {[%clk 0:51:32]}  f6 {[%clk 1:00:17]} 7. O-O {[%clk 0:47:12]}  fxe5 {[%clk 0:58:42]} 8. Nxe5 {[%clk 0:45:45]}  Nxe5 {[%clk 0:56:23]} 9. dxe5 {[%clk 0:45:39]}  Ne7 {[%clk 0:55:02]} 10. Na3 {[%clk 0:41:29]}  g6 {[%clk 0:52:31]} 11. Nb5 {[%clk 0:41:33]}  Nc6 {[%clk 0:51:22]} 12. Bg5 {[%clk 0:39:18]}  a6 {[%clk 0:50:56]} 13. Na3 {[%clk 0:37:30]}  Bg7 {[%clk 0:50:18]} 14. Bf6 {[%clk 0:36:35]}  Bxf6 {[%clk 0:50:06]} 15. exf6 {[%clk 0:36:01]}  O-O {[%clk 0:50:10]} 16. Qd2 {[%clk 0:34:32]}  Rxf6 {[%clk 0:48:45]} 17. Qg5 {[%clk 0:33:55]}  Rf8 {[%clk 0:47:21]} 18. Bd3 {[%clk 0:31:47]}  Qd8 {[%clk 0:45:54]} 19. Qg3 {[%clk 0:30:28]}  Rf7 {[%clk 0:37:27]} 20. h4 {[%clk 0:24:43]}  Rg7 {[%clk 0:37:03]} 21. Rfe1 {[%clk 0:21:54]}  c4 {[%clk 0:35:43]} 22. Bc2 {[%clk 0:20:57]}  Qb6 {[%clk 0:35:01]} 23. b4 {[%clk 0:18:05]}  a5 {[%clk 0:33:21]} 24. b5 {[%clk 0:17:08]}  Na7 {[%clk 0:32:17]} 25. Qf3 {[%clk 0:16:08]}  Nxb5 {[%clk 0:31:15]} 26. Nxb5 {[%clk 0:15:33]}  Qxb5 {[%clk 0:31:34]} 27. h5 {[%clk 0:15:39]}  gxh5 {[%clk 0:31:13]} 28. Qxh5 {[%clk 0:15:36]}  Qc6 {[%clk 0:30:53]} 29. Rab1 {[%clk 0:15:40]}  d4 {[%clk 0:30:30]} 30. Re4 {[%clk 0:15:08]}  d3 {[%clk 0:30:00]} 31. Bxd3 {[%clk 0:12:59]}  cxd3 {[%clk 0:30:21]} 32. Rb6 {[%clk 0:13:02]}  Qd7 {[%clk 0:28:17]} 33. Rd4 {[%clk 0:13:14]}  Qe7 {[%clk 0:27:01]} 34. Rbd6 {[%clk 0:12:38]}  Kh8 {[%clk 0:26:08]} 35. Rd8+ {[%clk 0:12:37]}  Rg8 {[%clk 0:26:28]} 36. Qe5+ {[%clk 0:12:14]}  Qg7 {[%clk 0:25:55]} 37. Rg4 {[%clk 0:12:19]} 1-0

[Event "Week's Tournament Elo 1799- (WT1)"]
[Site "Biel, CH"]
[Date "2025.07.24"]
[Round "4"]
[White "Bachmann, Daniel"]
[Black "Zumbrunn, Simon"]
[Result "0-1"]
[Board "1"]
[WhiteFideId "1357492"]
[BlackFideId "1364146"]
[WhiteElo "1766"]
[BlackElo "1686"]
[WhiteTeam "SUI"]
[BlackTeam "SUI"]
[WhiteClock "0:00:36"]
[BlackClock "0:15:01"]
[Variant "Standard"]

1. e4 {[%clk 1:00:57]}  e5 {[%clk 1:00:56]} 2. Nc3 {[%clk 1:01:25]}  Nc6 {[%clk 1:01:12]} 3. Bc4 {[%clk 1:01:50]}  Nf6 {[%clk 1:01:17]} 4. d3 {[%clk 1:02:15]}  Bc5 {[%clk 1:01:20]} 5. f4 {[%clk 1:02:26]}  d6 {[%clk 0:59:46]} 6. Nf3 {[%clk 1:02:46]}  Bg4 {[%clk 0:59:06]} 7. Na4 {[%clk 1:02:15]}  Nd7 {[%clk 0:55:46]} 8. c3 {[%clk 1:01:43]}  Qe7 {[%clk 0:51:23]} 9. h3 {[%clk 0:57:59]}  Bxf3 {[%clk 0:50:41]} 10. Qxf3 {[%clk 0:58:23]}  a5 {[%clk 0:48:00]} 11. Nxc5 {[%clk 0:57:18]}  Nxc5 {[%clk 0:47:55]} 12. O-O {[%clk 0:55:29]}  f6 {[%clk 0:42:37]} 13. Bb5 {[%clk 0:52:36]}  Nd7 {[%clk 0:40:17]} 14. f5 {[%clk 0:52:32]}  O-O {[%clk 0:39:19]} 15. Qh5 {[%clk 0:51:38]}  Kh8 {[%clk 0:38:30]} 16. Be3 {[%clk 0:49:49]}  Nd8 {[%clk 0:37:06]} 17. Rf3 {[%clk 0:47:31]}  c6 {[%clk 0:36:58]} 18. Ba4 {[%clk 0:46:58]}  b5 {[%clk 0:36:59]} 19. Bc2 {[%clk 0:47:06]}  a4 {[%clk 0:35:45]} 20. Rg3 {[%clk 0:46:07]}  Rg8 {[%clk 0:35:25]} 21. Rg4 {[%clk 0:45:31]}  Nf8 {[%clk 0:32:58]} 22. Qh4 {[%clk 0:40:10]}  Qb7 {[%clk 0:32:58]} 23. Qg3 {[%clk 0:40:00]}  Nf7 {[%clk 0:30:34]} 24. h4 {[%clk 0:40:21]}  Nd7 {[%clk 0:28:51]} 25. h5 {[%clk 0:38:16]}  h6 {[%clk 0:27:16]} 26. b3 {[%clk 0:32:48]}  Nf8 {[%clk 0:19:09]} 27. Kf2 {[%clk 0:30:14]}  Nh7 {[%clk 0:20:47]} 28. Rb1 {[%clk 0:28:51]}  a3 {[%clk 0:19:31]} 29. b4 {[%clk 0:29:15]}  Nfg5 {[%clk 0:19:47]} 30. Bb3 {[%clk 0:29:35]}  Rgd8 {[%clk 0:19:06]} 31. Ke2 {[%clk 0:26:33]}  d5 {[%clk 0:16:17]} 32. Bc5 {[%clk 0:23:11]}  Rd7 {[%clk 0:17:42]} 33. Qf2 {[%clk 0:21:43]}  dxe4 {[%clk 0:17:32]} 34. dxe4 {[%clk 0:21:50]}  Rad8 {[%clk 0:17:49]} 35. Rd1 {[%clk 0:21:56]}  Rxd1 {[%clk 0:18:05]} 36. Bxd1 {[%clk 0:22:11]}  Qd7 {[%clk 0:12:35]} 37. Bb3 {[%clk 0:12:18]}  Qd3+ {[%clk 0:16:24]} 38. Ke1 {[%clk 0:12:37]}  Nxe4 {[%clk 0:15:15]} 39. Qc2 {[%clk 0:10:35]}  Qxc2 {[%clk 0:12:51]} 40. Bxc2 {[%clk 0:10:58]}  Nxc3 {[%clk 0:11:53]} 41. Bb3 {[%clk 0:10:24]}  Ng5 {[%clk 0:12:41]} 42. Kf1 {[%clk 0:06:32]}  Nge4 {[%clk 0:11:47]} 43. Be7 {[%clk 0:06:02]}  Re8 {[%clk 0:11:20]} 44. Bc5 {[%clk 0:06:15]}  Nd2+ {[%clk 0:11:23]} 45. Ke1 {[%clk 0:04:25]}  Nxb3 {[%clk 0:11:29]} 46. Rg3 {[%clk 0:04:17]}  Nxc5 {[%clk 0:09:42]} 47. Rxc3 {[%clk 0:02:39]}  Na6 {[%clk 0:11:47]} 48. Rb3 {[%clk 0:02:26]}  Rd8 {[%clk 0:11:58]} 49. Ke2 {[%clk 0:02:51]}  Rd4 {[%clk 0:12:08]} 50. Rxa3 {[%clk 0:02:53]}  Nxb4 {[%clk 0:12:23]} 51. Ra8+ {[%clk 0:03:07]}  Kh7 {[%clk 0:12:50]} 52. a4 {[%clk 0:03:01]}  bxa4 {[%clk 0:13:01]} 53. Rxa4 {[%clk 0:03:11]}  c5 {[%clk 0:13:05]} 54. Kf3 {[%clk 0:03:08]}  Nd3 {[%clk 0:12:46]} 55. Ra3 {[%clk 0:02:21]}  c4 {[%clk 0:12:03]} 56. g4 {[%clk 0:01:52]}  Nf4 {[%clk 0:11:02]} 57. Ra4 {[%clk 0:01:36]}  c3 {[%clk 0:12:00]} 58. Ra3 {[%clk 0:00:11]}  Rc4 {[%clk 0:11:53]} 59. g5 {[%clk 0:01:57]}  hxg5 {[%clk 0:11:48]} 60. h6 {[%clk 0:00:53]}  Kxh6 {[%clk 0:10:53]} 61. Ra1 {[%clk 0:01:12]}  Nh5 {[%clk 0:11:10]} 62. Rc1 {[%clk 0:01:14]}  Rf4+ {[%clk 0:11:17]} 63. Ke3 {[%clk 0:01:18]}  Rxf5 {[%clk 0:11:32]} 64. Rxc3 {[%clk 0:01:39]}  Rf4 {[%clk 0:11:50]} 65. Rc1 {[%clk 0:01:05]}  g4 {[%clk 0:12:11]} 66. Rg1 {[%clk 0:00:59]}  g3 {[%clk 0:12:33]} 67. Rh1 {[%clk 0:00:39]}  Kg5 {[%clk 0:12:50]} 68. Rg1 {[%clk 0:00:44]}  Ra4 {[%clk 0:13:07]} 69. Kf3 {[%clk 0:00:52]}  f5 {[%clk 0:13:22]} 70. Kg2 {[%clk 0:01:14]}  Ra2+ {[%clk 0:13:28]} 71. Kf3 {[%clk 0:01:17]}  e4+ {[%clk 0:13:32]} 72. Ke3 {[%clk 0:01:36]}  Ra3+ {[%clk 0:13:53]} 73. Kd4 {[%clk 0:01:03]}  Nf4 {[%clk 0:13:57]} 74. Ke5 {[%clk 0:01:22]}  g2 {[%clk 0:14:00]} 75. Rd1 {[%clk 0:00:44]}  Rf3 {[%clk 0:14:11]} 76. Rd7 {[%clk 0:00:37]}  g6 {[%clk 0:14:32]} 77. Rd8 {[%clk 0:00:32]}  g1=Q {[%clk 0:14:46]} 78. Rd6 {[%clk 0:00:36]}  Qc5+ {[%clk 0:15:01]} 0-1

[Event "Week's Tournament Elo 1799- (WT1)"]
[Site "Biel, CH"]
[Date "2025.07.24"]
[Round "4"]
[White "Filimonov, Arsenii"]
[Black "Thornley, Oliver"]
[Result "1-0"]
[Board "2"]
[WhiteFideId "34171584"]
[BlackFideId "445916"]
[WhiteElo "1666"]
[BlackElo "1714"]
[WhiteTeam "SUI"]
[BlackTeam "ENG"]
[WhiteClock "0:01:59"]
[BlackClock "0:02:19"]
[Variant "Standard"]

1. e4 {[%clk 1:00:58]}  c5 {[%clk 1:00:55]} 2. Nf3 {[%clk 1:01:22]}  e6 {[%clk 1:00:35]} 3. d4 {[%clk 1:01:41]}  cxd4 {[%clk 1:01:42]} 4. Nxd4 {[%clk 1:01:59]}  a6 {[%clk 1:01:31]} 5. Nc3 {[%clk 0:59:31]}  b5 {[%clk 1:02:22]} 6. a3 {[%clk 0:58:37]}  Bb7 {[%clk 1:02:27]} 7. g3 {[%clk 0:53:33]}  Nc6 {[%clk 1:00:14]} 8. Bg2 {[%clk 0:48:48]}  Rc8 {[%clk 0:55:57]} 9. Be3 {[%clk 0:49:07]}  Qc7 {[%clk 0:50:35]} 10. O-O {[%clk 0:44:27]}  Nf6 {[%clk 0:49:21]} 11. f4 {[%clk 0:37:40]}  h5 {[%clk 0:46:06]} 12. Kh1 {[%clk 0:33:53]}  Be7 {[%clk 0:37:08]} 13. Rc1 {[%clk 0:33:18]}  Ng4 {[%clk 0:32:17]} 14. Bg1 {[%clk 0:33:25]}  g5 {[%clk 0:30:11]} 15. Nxc6 {[%clk 0:28:56]}  Bxc6 {[%clk 0:25:45]} 16. Qd4 {[%clk 0:28:26]}  Bf6 {[%clk 0:23:18]} 17. e5 {[%clk 0:28:04]}  Bxg2+ {[%clk 0:21:58]} 18. Kxg2 {[%clk 0:28:24]}  Be7 {[%clk 0:21:35]} 19. Ne4 {[%clk 0:26:05]}  Qb7 {[%clk 0:18:55]} 20. Kh3 {[%clk 0:21:52]}  Rc4 {[%clk 0:11:23]} 21. Nd6+ {[%clk 0:16:39]}  Bxd6 {[%clk 0:10:58]} 22. Qxd6 {[%clk 0:16:34]}  Nh6 {[%clk 0:09:13]} 23. fxg5 {[%clk 0:16:09]}  Nf5 {[%clk 0:09:28]} 24. Rxf5 {[%clk 0:14:34]}  Rc6 {[%clk 0:09:27]} 25. Qd3 {[%clk 0:14:13]}  exf5 {[%clk 0:09:47]} 26. Qxf5 {[%clk 0:14:00]}  Qc7 {[%clk 0:05:11]} 27. b4 {[%clk 0:10:24]}  h4 {[%clk 0:04:48]} 28. Bc5 {[%clk 0:09:02]}  hxg3+ {[%clk 0:04:39]} 29. Kxg3 {[%clk 0:09:22]}  Re6 {[%clk 0:03:57]} 30. Re1 {[%clk 0:07:52]}  Qc6 {[%clk 0:03:12]} 31. Rf1 {[%clk 0:06:58]}  Qd5 {[%clk 0:02:57]} 32. Qxf7+ {[%clk 0:06:32]}  Kd8 {[%clk 0:03:24]} 33. Bd6 {[%clk 0:06:04]}  Qc4 {[%clk 0:02:03]} 34. Qf4 {[%clk 0:05:03]}  Qxc2 {[%clk 0:01:28]} 35. Rf2 {[%clk 0:04:58]}  Qd3+ {[%clk 0:01:06]} 36. Qf3 {[%clk 0:04:23]}  Rxd6 {[%clk 0:01:23]} 37. exd6 {[%clk 0:04:29]}  Qxd6+ {[%clk 0:01:42]} 38. Qf4 {[%clk 0:04:25]}  Qd3+ {[%clk 0:01:22]} 39. Rf3 {[%clk 0:03:49]}  Qh7 {[%clk 0:01:40]} 40. Qb8+ {[%clk 0:03:52]}  Ke7 {[%clk 0:02:05]} 41. Re3+ {[%clk 0:04:11]}  Kf7 {[%clk 0:02:17]} 42. Qf4+ {[%clk 0:04:33]}  Kg6 {[%clk 0:01:51]} 43. Qf6+ {[%clk 0:03:17]}  Kh5 {[%clk 0:02:07]} 44. Qf3+ {[%clk 0:02:29]}  Kg6 {[%clk 0:02:10]} 45. Qf6+ {[%clk 0:02:41]}  Kh5 {[%clk 0:02:31]} 46. h4 {[%clk 0:02:27]}  Rc8 {[%clk 0:02:04]} 47. Qf3+ {[%clk 0:02:32]}  Kg6 {[%clk 0:02:10]} 48. h5+ {[%clk 0:01:36]}  Qxh5 {[%clk 0:02:19]} 49. Qf6+ {[%clk 0:01:59]} 1-0

[Event "Week's Tournament Elo 1799- (WT1)"]
[Site "Biel, CH"]
[Date "2025.07.24"]
[Round "4"]
[White "Ganeshram, Niranjana"]
[Black "Thorens, Johan"]
[Result "1/2-1/2"]
[Board "3"]
[WhiteFideId "40100480"]
[BlackFideId "1364375"]
[WhiteElo "1692"]
[BlackElo "1657"]
[WhiteTeam "NED"]
[BlackTeam "SUI"]
[WhiteClock "0:34:13"]
[BlackClock "0:02:28"]
[Variant "Standard"]

1. e4 {[%clk 1:00:58]}  e5 {[%clk 1:00:55]} 2. Nf3 {[%clk 1:01:24]}  Nf6 {[%clk 1:01:18]} 3. Nc3 {[%clk 1:01:48]}  Nc6 {[%clk 1:01:41]} 4. Bc4 {[%clk 1:01:54]}  Nxe4 {[%clk 1:02:01]} 5. Nxe4 {[%clk 1:02:18]}  d5 {[%clk 1:02:26]} 6. Bxd5 {[%clk 1:02:38]}  Qxd5 {[%clk 1:02:47]} 7. Nc3 {[%clk 1:03:05]}  Qd8 {[%clk 1:02:08]} 8. d3 {[%clk 1:03:27]}  Bb4 {[%clk 0:59:28]} 9. h3 {[%clk 1:02:58]}  h6 {[%clk 1:00:33]} 10. Bd2 {[%clk 1:02:09]}  Be6 {[%clk 0:56:23]} 11. a3 {[%clk 1:01:18]}  Bxc3 {[%clk 0:54:09]} 12. Bxc3 {[%clk 1:03:28]}  Qd6 {[%clk 0:53:25]} 13. O-O {[%clk 1:01:11]}  O-O {[%clk 0:52:41]} 14. Re1 {[%clk 1:01:34]}  f6 {[%clk 0:50:33]} 15. d4 {[%clk 0:57:14]}  exd4 {[%clk 0:47:48]} 16. Nxd4 {[%clk 0:56:19]}  Nxd4 {[%clk 0:46:48]} 17. Bxd4 {[%clk 0:56:44]}  Rfe8 {[%clk 0:44:41]} 18. b4 {[%clk 0:55:55]}  Rad8 {[%clk 0:44:36]} 19. c3 {[%clk 0:55:12]}  a6 {[%clk 0:41:45]} 20. Qh5 {[%clk 0:54:10]}  Qd5 {[%clk 0:41:27]} 21. Qg6 {[%clk 0:40:01]}  Bf7 {[%clk 0:30:18]} 22. Rxe8+ {[%clk 0:37:54]}  Rxe8 {[%clk 0:29:33]} 23. Qg3 {[%clk 0:50:05]}  Qd6 {[%clk 0:27:07]} 24. Qxd6 {[%clk 0:48:48]}  cxd6 {[%clk 0:27:28]} 25. Rd1 {[%clk 0:46:29]}  d5 {[%clk 0:25:36]} 26. Kf1 {[%clk 0:44:28]}  Kh7 {[%clk 0:24:55]} 27. a4 {[%clk 0:43:29]}  b5 {[%clk 0:24:39]} 28. axb5 {[%clk 0:48:31]}  axb5 {[%clk 0:24:54]} 29. Ra1 {[%clk 0:48:36]}  Bg6 {[%clk 0:23:24]} 30. Ra7 {[%clk 0:48:11]}  Bd3+ {[%clk 0:23:39]} 31. Kg1 {[%clk 0:47:06]}  Re6 {[%clk 0:19:42]} 32. Kh2 {[%clk 0:45:24]}  Kg6 {[%clk 0:18:08]} 33. g4 {[%clk 0:47:27]}  Re8 {[%clk 0:15:32]} 34. h4 {[%clk 0:36:30]}  h5 {[%clk 0:04:54]} 35. gxh5+ {[%clk 0:46:09]}  Kxh5 {[%clk 0:05:09]} 36. Rxg7 {[%clk 0:46:22]}  Kxh4 {[%clk 0:03:19]} 37. Bxf6+ {[%clk 0:46:47]}  Kh5 {[%clk 0:03:34]} 38. Rg5+ {[%clk 0:46:49]}  Kh6 {[%clk 0:03:16]} 39. Rxd5 {[%clk 0:46:27]}  Bc4 {[%clk 0:02:57]} 40. Rd6 {[%clk 0:45:03]}  Kg6 {[%clk 0:02:29]} 41. Bh4+ {[%clk 0:46:22]}  Kh5 {[%clk 0:02:00]} 42. Bg3 {[%clk 0:46:27]}  Kg4 {[%clk 0:00:53]} 43. Rd4+ {[%clk 0:45:17]}  Kf3 {[%clk 0:02:11]} 44. Rf4+ {[%clk 0:44:59]}  Ke2 {[%clk 0:02:23]} 45. Rd4 {[%clk 0:38:16]}  Rf8 {[%clk 0:00:24]} 46. Kh3 {[%clk 0:36:08]}  Rf3 {[%clk 0:01:37]} 47. Kg4 {[%clk 0:34:35]}  Rxc3 {[%clk 0:00:51]} 48. Re4+ {[%clk 0:33:15]}  Kd3 {[%clk 0:00:18]} 49. Re3+ {[%clk 0:33:29]}  Kd2 {[%clk 0:00:58]} 50. Rxc3 {[%clk 0:33:34]}  Kxc3 {[%clk 0:01:07]} 51. Bd6 {[%clk 0:34:01]}  Kd4 {[%clk 0:01:13]} 52. f4 {[%clk 0:33:42]}  Kd5 {[%clk 0:01:19]} 53. Bc5 {[%clk 0:33:45]}  Ke6 {[%clk 0:01:29]} 54. Kg5 {[%clk 0:33:37]}  Bd3 {[%clk 0:01:31]} 55. Kg4 {[%clk 0:33:05]}  Kf6 {[%clk 0:01:22]} 56. Kf3 {[%clk 0:33:15]}  Kf5 {[%clk 0:01:24]} 57. Ke3 {[%clk 0:33:28]}  Bf1 {[%clk 0:01:16]} 58. Bd6 {[%clk 0:33:51]}  Bc4 {[%clk 0:01:24]} 59. Kd4 {[%clk 0:34:07]}  Bf1 {[%clk 0:01:35]} 60. Kc5 {[%clk 0:34:15]}  Bc4 {[%clk 0:01:47]} 61. Kc6 {[%clk 0:33:57]}  Bd3 {[%clk 0:01:52]} 62. Kb6 {[%clk 0:34:06]}  Bc4 {[%clk 0:02:00]} 63. Be5 {[%clk 0:34:06]}  Bd3 {[%clk 0:02:10]} 64. Kc5 {[%clk 0:34:00]}  Bc4 {[%clk 0:02:28]} 65. Kd4 {[%clk 0:34:13]} 1/2-1/2

[Event "Week's Tournament Elo 1799- (WT1)"]
[Site "Biel, CH"]
[Date "2025.07.24"]
[Round "4"]
[White "Tellenbach, Benjamin"]
[Black "Buntschu, Kurt"]
[Result "1-0"]
[Board "4"]
[WhiteFideId "1367420"]
[BlackFideId "1325884"]
[WhiteElo "1645"]
[BlackElo "1762"]
[WhiteTeam "SUI"]
[BlackTeam "SUI"]
[WhiteClock "0:11:41"]
[BlackClock "0:02:22"]
[Variant "Standard"]

1. e4 {[%clk 1:00:58]}  c5 {[%clk 1:00:51]} 2. Nf3 {[%clk 1:01:16]}  a6 {[%clk 1:01:12]} 3. d4 {[%clk 1:01:06]}  cxd4 {[%clk 1:01:36]} 4. Nxd4 {[%clk 1:01:30]}  Nf6 {[%clk 1:01:55]} 5. Nc3 {[%clk 0:58:28]}  e5 {[%clk 1:01:59]} 6. Nf3 {[%clk 0:57:50]}  Bb4 {[%clk 0:57:13]} 7. Bd2 {[%clk 0:54:37]}  Nc6 {[%clk 0:55:38]} 8. Bd3 {[%clk 0:53:48]}  d5 {[%clk 0:51:15]} 9. exd5 {[%clk 0:46:34]}  Nxd5 {[%clk 0:50:57]} 10. Nxd5 {[%clk 0:43:32]}  Qxd5 {[%clk 0:49:37]} 11. O-O {[%clk 0:39:02]}  Bxd2 {[%clk 0:41:25]} 12. Qxd2 {[%clk 0:39:17]}  Bg4 {[%clk 0:29:43]} 13. Ng5 {[%clk 0:33:35]}  Rd8 {[%clk 0:28:25]} 14. Qc3 {[%clk 0:25:53]}  h6 {[%clk 0:12:32]} 15. Bc4 {[%clk 0:20:03]}  Nd4 {[%clk 0:02:52]} 16. Rfe1 {[%clk 0:11:55]}  Ne2+ {[%clk 0:08:20]} 17. Rxe2 {[%clk 0:11:43]}  Bxe2 {[%clk 0:01:56]} 18. Bxd5 {[%clk 0:11:44]}  hxg5 {[%clk 0:01:53]} 19. Qe3 {[%clk 0:11:15]}  Rxd5 {[%clk 0:01:05]} 20. Qxe2 {[%clk 0:11:35]}  Rh4 {[%clk 0:01:14]} 21. Rd1 {[%clk 0:11:02]}  Rc5 {[%clk 0:01:09]} 22. Qe3 {[%clk 0:11:02]}  Rhc4 {[%clk 0:01:04]} 23. Qxg5 {[%clk 0:11:10]}  Rc8 {[%clk 0:01:01]} 24. Qxg7 {[%clk 0:11:00]}  Rxc2 {[%clk 0:01:23]} 25. Qxe5+ {[%clk 0:11:05]}  Kf8 {[%clk 0:01:46]} 26. Qh8+ {[%clk 0:10:33]}  Ke7 {[%clk 0:02:10]} 27. Re1+ {[%clk 0:10:57]}  Kd7 {[%clk 0:02:35]} 28. Qd4+ {[%clk 0:10:39]}  Kc7 {[%clk 0:02:57]} 29. Qf4+ {[%clk 0:10:35]}  Kb6 {[%clk 0:03:19]} 30. Qxf7 {[%clk 0:10:17]}  R8c7 {[%clk 0:02:13]} 31. Qf6+ {[%clk 0:10:05]}  R7c6 {[%clk 0:02:34]} 32. Qd4+ {[%clk 0:10:21]}  Kc7 {[%clk 0:00:49]} 33. Re7+ {[%clk 0:10:32]}  Kb8 {[%clk 0:01:16]} 34. Re8+ {[%clk 0:10:39]}  Rc8 {[%clk 0:01:36]} 35. Rxc8+ {[%clk 0:11:04]}  Kxc8 {[%clk 0:01:57]} 36. Qh8+ {[%clk 0:11:17]}  Kc7 {[%clk 0:02:22]} 37. Qh7+ {[%clk 0:11:41]} 1-0

[Event "Week's Tournament Elo 1799- (WT1)"]
[Site "Biel, CH"]
[Date "2025.07.24"]
[Round "4"]
[White "Dubel, Nathan"]
[Black "Ragheb, Kaemel"]
[Result "1-0"]
[Board "5"]
[WhiteFideId "1359410"]
[BlackFideId "1346598"]
[WhiteElo "1762"]
[BlackElo "1723"]
[WhiteTeam "SUI"]
[BlackTeam "SUI"]
[WhiteClock "0:26:47"]
[BlackClock "0:01:49"]
[Variant "Standard"]

1. d4 {[%clk 1:00:58]}  Nf6 {[%clk 1:00:53]} 2. c4 {[%clk 1:01:22]}  g6 {[%clk 1:01:17]} 3. h4 {[%clk 1:01:40]}  h5 {[%clk 0:58:51]} 4. Nc3 {[%clk 1:01:52]}  Bg7 {[%clk 0:56:02]} 5. e4 {[%clk 1:00:22]}  d6 {[%clk 0:56:20]} 6. Be3 {[%clk 0:57:45]}  Nc6 {[%clk 0:54:18]} 7. f3 {[%clk 0:55:28]}  e5 {[%clk 0:50:03]} 8. d5 {[%clk 0:55:04]}  Ne7 {[%clk 0:50:17]} 9. Be2 {[%clk 0:54:17]}  Nd7 {[%clk 0:45:18]} 10. g4 {[%clk 0:51:36]}  hxg4 {[%clk 0:42:05]} 11. fxg4 {[%clk 0:49:22]}  f6 {[%clk 0:35:57]} 12. Qd2 {[%clk 0:40:44]}  f5 {[%clk 0:31:51]} 13. gxf5 {[%clk 0:48:51]}  gxf5 {[%clk 0:32:06]} 14. O-O-O {[%clk 0:48:35]}  f4 {[%clk 0:31:34]} 15. Bf2 {[%clk 0:47:53]}  Nf6 {[%clk 0:29:05]} 16. Nh3 {[%clk 0:44:37]}  Bxh3 {[%clk 0:13:36]} 17. Rxh3 {[%clk 0:44:59]}  Qd7 {[%clk 0:12:05]} 18. Rhh1 {[%clk 0:44:28]}  Bh6 {[%clk 0:13:01]} 19. Bf3 {[%clk 0:42:42]}  Ng4 {[%clk 0:11:01]} 20. Bxg4 {[%clk 0:41:49]}  Qxg4 {[%clk 0:11:23]} 21. Rdg1 {[%clk 0:41:54]}  Qf3 {[%clk 0:09:47]} 22. Qc2 {[%clk 0:35:32]}  O-O-O {[%clk 0:06:32]} 23. c5 {[%clk 0:32:22]}  dxc5 {[%clk 0:05:23]} 24. Bxc5 {[%clk 0:32:38]}  Ng6 {[%clk 0:05:13]} 25. Bxa7 {[%clk 0:29:17]}  b6 {[%clk 0:04:51]} 26. Nb5 {[%clk 0:30:43]}  Qe3+ {[%clk 0:05:10]} 27. Kb1 {[%clk 0:30:55]}  Rh7 {[%clk 0:04:36]} 28. Rxg6 {[%clk 0:29:42]}  Qf3 {[%clk 0:03:51]} 29. Rhg1 {[%clk 0:29:02]}  Kb7 {[%clk 0:03:02]} 30. Rxh6 {[%clk 0:31:20]}  Rxh6 {[%clk 0:02:21]} 31. Qxc7+ {[%clk 0:31:44]}  Ka6 {[%clk 0:03:11]} 32. Qxd8 {[%clk 0:31:51]}  Qxe4+ {[%clk 0:03:13]} 33. Ka1 {[%clk 0:31:17]}  Qe3 {[%clk 0:02:00]} 34. Nc7+ {[%clk 0:31:23]}  Ka5 {[%clk 0:02:29]} 35. Rb1 {[%clk 0:27:11]}  f3 {[%clk 0:01:09]} 36. Qd7 {[%clk 0:26:52]}  Qe2 {[%clk 0:01:49]} 37. b4# {[%clk 0:26:47]} 1-0

[Event "Week's Tournament Elo 1799- (WT1)"]
[Site "Biel, CH"]
[Date "2025.07.24"]
[Round "4"]
[White "Guidi, Elia"]
[Black "Weber, Jason"]
[Result "0-1"]
[Board "6"]
[WhiteFideId "1351931"]
[BlackFideId "1363042"]
[WhiteElo "1653"]
[BlackElo "1769"]
[WhiteTeam "SUI"]
[BlackTeam "SUI"]
[WhiteClock "0:04:13"]
[BlackClock "0:00:52"]
[Variant "Standard"]

1. d4 {[%clk 1:00:53]}  Nf6 {[%clk 1:00:54]} 2. c4 {[%clk 1:01:19]}  g6 {[%clk 1:01:19]} 3. Nc3 {[%clk 1:01:44]}  Bg7 {[%clk 1:01:39]} 4. e4 {[%clk 1:02:04]}  d6 {[%clk 1:02:03]} 5. Bg5 {[%clk 1:02:26]}  h6 {[%clk 1:01:51]} 6. Be3 {[%clk 1:02:45]}  O-O {[%clk 1:01:30]} 7. Be2 {[%clk 1:03:10]}  Nbd7 {[%clk 1:01:23]} 8. g4 {[%clk 1:03:34]}  e5 {[%clk 0:59:01]} 9. d5 {[%clk 1:03:58]}  Nc5 {[%clk 0:53:48]} 10. f3 {[%clk 1:02:40]}  h5 {[%clk 0:48:52]} 11. gxh5 {[%clk 1:03:04]}  Nxh5 {[%clk 0:48:37]} 12. Qd2 {[%clk 1:03:17]}  f5 {[%clk 0:43:53]} 13. exf5 {[%clk 0:58:41]}  Bxf5 {[%clk 0:41:00]} 14. O-O-O {[%clk 0:58:26]}  a6 {[%clk 0:30:51]} 15. b4 {[%clk 0:49:30]}  Nd7 {[%clk 0:29:54]} 16. Ne4 {[%clk 0:47:50]}  b5 {[%clk 0:21:34]} 17. cxb5 {[%clk 0:42:51]}  a5 {[%clk 0:19:24]} 18. bxa5 {[%clk 0:41:27]}  Nf4 {[%clk 0:16:26]} 19. a6 {[%clk 0:38:54]}  Qb8 {[%clk 0:13:54]} 20. a4 {[%clk 0:36:07]}  Nb6 {[%clk 0:01:23]} 21. Qa2 {[%clk 0:27:20]}  Bh6 {[%clk 0:03:42]} 22. Bxf4 {[%clk 0:26:17]}  exf4 {[%clk 0:02:46]} 23. h4 {[%clk 0:25:55]}  Qe8 {[%clk 0:02:26]} 24. Bd3 {[%clk 0:22:19]}  Qe5 {[%clk 0:02:14]} 25. Qb2 {[%clk 0:20:44]}  Qxd5 {[%clk 0:01:29]} 26. Bc2 {[%clk 0:14:47]}  Qf7 {[%clk 0:00:42]} 27. Ng5 {[%clk 0:10:00]}  Qe7 {[%clk 0:01:03]} 28. Qb3+ {[%clk 0:09:10]}  d5 {[%clk 0:01:19]} 29. N1h3 {[%clk 0:08:37]}  Bxc2 {[%clk 0:00:33]} 30. Qxc2 {[%clk 0:08:58]}  Qa3+ {[%clk 0:00:39]} 31. Kb1 {[%clk 0:06:40]}  Bg7 {[%clk 0:00:43]} 32. Qa2 {[%clk 0:06:22]}  Qb4+ {[%clk 0:00:42]} 33. Kc1 {[%clk 0:06:31]}  Qc3+ {[%clk 0:00:41]} 34. Kb1 {[%clk 0:06:14]}  Nc4 {[%clk 0:00:38]} 35. Qe2 {[%clk 0:04:31]}  Qa1+ {[%clk 0:00:39]} 36. Kc2 {[%clk 0:04:30]}  Qb2+ {[%clk 0:00:49]} 37. Kd3 {[%clk 0:04:13]}  Qb3# {[%clk 0:00:52]} 0-1